6-Letter Pokémon Chain - Statistics

General Stats
  • This quiz has been taken 35 times
  • The average score is 12 of 22
Answer Stats
Hint Answer % Correct
Pink kitty Skitty
79%
Elechild Elekid
75%
Pincers Pinsir
75%
Any type Arceus
71%
Harden Kakuna
71%
Car noise Varoom
71%
Male Burmy Mothim
67%
Small olive Smoliv
67%
Sail fossil Amaura
63%
Three heads Dodrio
63%
Coffin evolution Yamask
63%
Mega loses type Aggron
58%
First Pokémon Rhydon
54%
Paldean forms Tauros
54%
Hops Hoppip
50%
Uses Absorb Oddish
50%
Thief Nickit
46%
Ball Fetch Yamper
42%
Tracey's Marill
33%
Dark type? Luxray
29%
Revives Rabsca
29%
Quick Nymble
21%
No matching quizzes found
Score Distribution
Percent of People with Each Score
Percentile by Number Answered
Your Score History
You have not taken this quiz